| 000 -CABECERA |
| campo de control de longitud fija |
01344nam a22002177a 4500 |
| 003 - IDENTIFICADOR DEL NÚMERO DE CONTROL |
| campo de control |
OSt |
| 005 - FECHA Y HORA DE LA ÚLTIMA TRANSACCIÓN |
| campo de control |
20210209091140.0 |
| 008 - DATOS DE LONGITUD FIJA--INFORMACIÓN GENERAL |
| campo de control de longitud fija |
210209b ||||| |||| 00| 0 spa d |
| 020 ## - NÚMERO INTERNACIONAL ESTÁNDAR DEL LIBRO |
| Número Internacional Estándar del Libro |
9789585407060 |
| 040 ## - FUENTE DE LA CATALOGACIÓN |
| Centro/agencia transcriptor |
CO-MqBPB |
| 082 ## - NÚMERO DE LA CLASIFICACIÓN DECIMAL DEWEY |
| Número de clasificación |
AN |
| Número de documento/Ítem |
ESPA |
| 100 ## - ENTRADA PRINCIPAL--NOMBRE DE PERSONA |
| Nombre de persona |
España, Gonzalo |
| 245 #3 - MENCIÓN DE TÍTULO |
| Título |
La última correría del sabio Mutis : |
| Resto del título |
Una aventura en el campo de las palabras y los idiomas/ |
| Mención de responsabilidad, etc. |
Gonzalo España |
| 260 ## - PUBLICACIÓN, DISTRIBUCIÓN, ETC. |
| Lugar de publicación, distribución, etc. |
Bogotá , |
| Nombre del editor, distribuidor, etc. |
Penguin Random House, |
| Fecha de publicación, distribución, etc. |
2017. |
| 300 ## - DESCRIPCIÓN FÍSICA |
| Extensión |
138 pg, |
| Otras características físicas |
Tapa Rústica, |
| Dimensiones |
21 cm. |
| 500 ## - NOTA GENERAL |
| Nota general |
«Es mi voluntad que en un plazo de máximo seis meses, esas gramáticas indias, que se olvidaron en el envío hecho a mi padre, me sean enviadas a mí para remitírselas al sabio Pallas.<br/><br/>La amistad entre Rusia y España puede afectarse seriamente si no cumplimos con este encargo. Nuestro reino podría sufrir serios tropiezos».<br/><br/>Así, con estas palabras apremiantes del rey España, inicia la última aventura del sabio José Celestino Mutis, director de la Expedición Botánica que a sus 75 años, durante un extraño mes de agosto de 1807, emprende un viaje hacia lo desconocido para tratar de encontrar algo increíble: un lugar mágico donde viven las lenguas que ya nadie habla. |
| 650 ## - PUNTO DE ACCESO ADICIONAL DE MATERIA--TÉRMINO DE MATERIA |
| Fuente del encabezamiento o término |
Novela |
| Subdivisión geográfica |
Colombiana |
| 650 ## - PUNTO DE ACCESO ADICIONAL DE MATERIA--TÉRMINO DE MATERIA |
| Fuente del encabezamiento o término |
Novela |
| Subdivisión de forma |
Historica |
| 650 ## - PUNTO DE ACCESO ADICIONAL DE MATERIA--TÉRMINO DE MATERIA |
| Fuente del encabezamiento o término |
Mutis, José Célestino |
| 942 ## - ELEMENTOS DE PUNTO DE ACCESO ADICIONAL (KOHA) |
| Fuente del sistema de clasificación o colocación |
|
| Tipo de ítem Koha |
Libro Literatura |